000 00311nam a22001337a 4500
008 170302b xxu||||| |||| 00| 0 eng d
020 _a9780781765183
041 _aeng
080 _23 ED
_a616.073
100 _a6
101 _aSHM
245 _aFUNDAMENTALS DIAGNOSTIC RADIOLOGY
_cBRANT.W.E
942 _2udc
_cBK
999 _c6634
_d6634